Chemins et flots, ordonnancements /
Guardado en:
| Autor Principal: | |
|---|---|
| Otros Autores: | , |
| Formato: | Libro |
| Idioma: | French |
| Publicado: |
[Paris] :
Gauthier-Villars,
c1976.
|
| Series: | Collection Programmation
Recherche opérationnelle appliquée ; 1 |
| Materias: | |
| Etiquetas: |
Agregar Etiqueta
Sin Etiquetas, Sea el primero en etiquetar este registro!
|
| LEADER | 00928cam a2200265 a 4500 | ||
|---|---|---|---|
| 001 | MAT.inmabb005778 | ||
| 008 | 770207s1976####fr#a#####b####000#0#fre## | ||
| 005 | 20160809150144.0 | ||
| 245 | 1 | 0 | |a Chemins et flots, ordonnancements / |c par Robert Faure, Catherine Roucairol, Pierre Tolla. |
| 260 | |a [Paris] : |b Gauthier-Villars, |c c1976. | ||
| 300 | |a vi, 233 p. : |b il. ; |c 25 cm. | ||
| 490 | 0 | |a Collection Programmation | |
| 490 | 0 | |a Recherche opérationnelle appliquée ; 1 | |
| 500 | |a Label on t.p.: Distributed in the U.S.A. by S.M.P.F. Corp., New York. | ||
| 504 | |a Bibliografía: p. 229-233. | ||
| 510 | 4 | |a MR, |c 56 #7765 | |
| 020 | |a 2040058257 | ||
| 100 | 1 | |a Faure, Robert, |d 1918-1982. | |
| 700 | 1 | |a Roucairol, Catherine. | |
| 700 | 1 | |a Tolla, Pierre. | |
| 650 | 0 | |a Network analysis (Planning) | |
| 084 | |a 90-01 (90C35) |2 msc2000 | ||
| 010 | |a 76488334 | ||
| 040 | |a DLC |c DLC |d DLC | ||
| 859 | |h 90 |i F265 |p A-4818 |b BIB. MATEMATICA | ||
